000 00204nam a22000857a 4500
008 160624b xxu||||| |||| 00| 0 eng d
100 _91083
_aBuck, P.S
245 _a14 Stories
260 _aN.Y
_bPocket Books
_c1963
999 _c869
_d869